000 00822nas a2200289 4500
001 BR0304743
003 BR-BrBNA
005 20231205104116.0
007 ta
008 230509b bl.|||p| |||| 00| 00por d
040 _aBR-BrBNA
_bpor
_cBiblioteca Nacional de Agricultura
041 _a(Pt)
072 _aQ04
100 1 _aYuyama, K.
100 1 _aAguiar, J.P.L.
100 1 _aYuyama, L.K.O.
245 1 _aCamu-camu: um fruto fantástico como fonte de vitamina C
650 _aCAMU-CAMU
650 _aVITAMINA C
650 _aNUTRIÇÃO HUMANA
650 _aFRUTO
650 _aVARIAÇÃO GENÉTICA
650 _aVALOR NUTRITIVO
773 0 _tActa Amazônica (Brazil)
_xISSN 0044-5967
_g(Jan-Mar 2002), v. 32(1) p. 169-173
_wBR0304743
909 _a202311
_bLúcia
_c55
_dLúcia Elande
942 _2AGRIS
_n0
_cANA
999 _c176411
_d176411